000 00352 a2200169 4500
001 190766
020 _a85-85672-36-6
040 _cMagnum
100 _aBarreto, Antonio
240 1 0 _aLua no varal
_lpor
245 1 0 _aLua no varal
300 _a56
362 0 _a1998
440 1 _aMiguilim
697 _aLITERATURA INFANTO-JUVENIL
942 _cBK
999 _c190766
_d190766